000
00285nam a2200097Ia 4500
082
_a
651.3|ADMI
245
0
_a
Administrative management
100
_a
Ferreira, E J Lansdowne [South Africa], [c.2013] 3rd ed.
_9
60379
942
_c
BK
008
210817s9999 xx 000 0 und d
999
_c
189832
_d
189829